000 00562pam a2200229 i 4500
001 2679088
005 20180829040820.0
008 741121s1975 nyua j 000 0 eng
010 _a 74024717
020 _a0394831071
040 _aDLC
_cDLC
_dDLC
041 _aeng
042 _alcac
080 _a709
082 0 0 _a709
100 1 _a7
101 _aart
245 1 4 _aThe Pantheon story of art for young people /
_cAriane Ruskin Batterberry.
740 _aStory of art.
906 _a7
_bcbc
_corignew
_du
_eocip
_f19
_gy-gencatlg
942 _2ddc
_cBK
999 _c47377
_d47377